00372nam a22001337a 450000500170000000800410001704100130005808200140007110000120008524500750009726000090017230000310018165000260021220231026093526.0231026b |||||||| |||| 00| 0 eng d aEnglish  a346.7 SOU lEnglish aSouth African Law Commission : Report on committal in respect of debt  c1986 bviii, 37 pages ;c25,7 cm. aLegal practice bLaw